Sanat: "Kunnian kentät" - Dingo - Statistics

Yleistilastot
  • Tätä visaa on pelattu 15 kertaa
    14 viimeisimmän päivityksen jälkeen
  • Keskiarvotulos 143 / 227
Vastaustilastot
% Oikein
ja
100%
jää
100%
joista
100%
kentälle
100%
kentät
100%
kun
100%
Kunnian
100%
kunnian
100%
100%
makaamaan.
100%
missä
100%
On
100%
on
100%
on.
100%
paikka,
100%
saa
100%
toinen
100%
toisensa
100%
viimeinen
100%
ihmiset,
89%
jos
78%
jossa
78%
Sen
78%
se
67%
joka
56%
nukkumaan.
56%
nukkumaan,
56%
perhonen,
56%
tee.
56%
aika.
44%
aika,
44%
ei
44%
en
44%
hyvin,
44%
ilmaa
44%
iltaruskon
44%
käydä
44%
Kestän
44%
kirje,
44%
kotiin
44%
lähetän
44%
mitään
44%
nostan,
44%
Nostin
44%
perhosen,
44%
pian
44%
raunioista
44%
täällä
44%
tahdot
44%
takaisin.
44%
taskussani
44%
Teen
44%
tulen
44%
asuisin.
33%
avata
33%
edes
33%
enemmän.
33%
helpottavaa.
33%
helppo
33%
hieman
33%
huomista.
33%
ilmaan
33%
jonka
33%
kaikkein
33%
kämmenelle
33%
kanssasi
33%
käteni
33%
katsomaan.
33%
kaunein
33%
kultaa
33%
kuolevan
33%
Länsirintamalta
33%
mua
33%
Mutta
33%
nähnyt
33%
näytän
33%
otsalleni
33%
päästää
33%
pahaa
33%
puhalsit
33%
rakkauttaan.
33%
saapui
33%
saavuit
33%
siivissä
33%
Silloin
33%
Sinä
33%
sitä
33%
sulle,
33%
talon,
33%
tiesin:
33%
tietää
33%
tunnustaa
33%
uutta,
33%
värisee.
33%
viimeinkin
33%
auringon.
22%
ennen
22%
hyvä
22%
käteen
22%
Kätken
22%
kevättä
22%
kuin
22%
liikaa
22%
nähdäkseni
22%
nukahdan,
22%
Odotin
22%
pääni
22%
silmäni.
22%
suljen
22%
Tahdon
22%
tahdon
22%
taisteluhaudoissa.
22%
ylös
22%
lepuuttaa.
11%
maailmaa,
11%
perhosta,
11%
siipiään
11%
tavoitellen
11%
Ehtoja vastaavia visoja ei löytynyt
Tulosjakauma
Jokaisen tuloksen saaneiden osuus
Persentiili vastausten määrän mukaan
Tuloshistoriasi
Et ole pelannut tätä visaa sen viimeisimmän päivityksen jälkeen